Logo BPK

Biblioteka

Politechniki Koszalińskiej

Prawo zobowiązań - część ogólna / (Rekord nr 52165)

Szczegóły MARC
000 -ETYKIETA REKORDU
podpole kontrolne o stałej długości 01055nam a2200289 i 4500
001 - NUMER KONTROLNY REKORDU
pole kontrolne bg
020 ## - MIĘDZYNARODOWY ZNORMALIZOWANY NUMER KSIĄŻKI - ISBN
ISBN 8373874178
020 ## - MIĘDZYNARODOWY ZNORMALIZOWANY NUMER KSIĄŻKI - ISBN
ISBN 8373872612 (C. H. Beck)
040 ## - ŹRÓDŁO KATALOGOWANIA
Instytucja, która utworzyła rekord BPK
041 0# - KOD JĘZYKA
Kod języka tekstu pol
080 ## - UNIWERSALNA KLASYFIKACJA DZIESIĘTNA - UKD
UKD 347.4(438)
920 ## - Międzynarodowy znormalizowany numer książki – ISBN
ISBN 83-7387-417-8
920 ## - Międzynarodowy znormalizowany numer książki – ISBN
ISBN 83-7387-261-2 (C. H. Beck)
008 - POLE O STAŁEJ DŁUGOŚCI - DANE KONTROLNE
podpole kontrolne o stałej długości s pl f |000 0 pol
245 00 - TYTUŁ/ODPOWIEDZIALNOŚĆ
Tytuł Prawo zobowiązań - część ogólna /
Pozostałe elementy strefy tytułu i oznaczenia odpowiedzialności red. Ewa Łętowska ; aut. Małgorzata Bednarek [et al.].
260 ## - STREFA ADRESU WYDAWNICZEGO
Miejsce wydania Warszawa :
Nazwa wydawcy/dystrybutora C. H. Beck :
-- Instytut Nauk Prawnych PAN [Polskiej Akademii Nauk],
Data publikacji, dystrybucji/powstania dokumentu 2006.
300 ## - STREFA OPISU FIZYCZNEGO
Objętość XXII, 1004 s. ;
Rozmiary 25 cm.
490 1# - STREFA SERII I DOKUMENTU WIELOCZĘŚCIOWEGO - FORMA NIE DO WYSZUKIWANIA
Tytuł i oznaczenie odpowiedzialności serii System Prawa Prywatnego ;
Numeracja w obrębie serii t. 5
500 ## - UWAGI OGÓLNE
Tekst uwagi Na grzb. nazwa naczelnego red. serii: Radwański.
504 ## - UWAGA DOTYCZĄCA BIBLIOGRAFII
Informacje o bibliografii Bibliogr. przy rozdz. Indeks.
650 #9 - HASŁO PRZEDMIOTOWE W FORMIE NAZWY OGÓLNEJ LUB JEDNOSTKOWEJ
Nazwa ogólna lub geograficzna Prawo zobowiązaniowe
Określnik geograficzny Polska
Określnik chronologiczny stan na 2006 r.
700 1# - HASŁO DODATKOWE - NAZWA OSOBOWA
Nazwa osobowa łĘTOWSKA, Ewa.
Określenie związku między hasłem a opisywanym materiałem Red.
700 1# - HASŁO DODATKOWE - NAZWA OSOBOWA
Nazwa osobowa BEDNAREK, Małgorzata
830 ## - HASŁO DODATKOWE SERII LUB DOKUMENTU WIELOCZĘŚCIOWEGO - TYTUŁ UJEDNOLICONY
Tytuł ujednolicony System Prawa Prywatnego ;
856 ## - LOKALIZACJA I DOSTĘP DO ELEKTRONICZNYCH DOKUMENTÓW ZDALNYCH
Link (URL) http://koha.tu.koszalin.pl/cgi-bin/koha/opac-detail.pl?biblionumber=52165
Tekst linku Katalog online BPK
946 ## - DANE ZAMÓWIENIA
u zamówienie stałe (subskrypcja)
942 ## - DODATKOWE ELEMENTY (KOHA)
Typ dokumentu Książka
Egzemplarze
Wycofany Status egzemplarza Uszkodzony Dostępność Lokalizacja stała Lokalizacja bieżąca Miejsce przechowywania Sygnatura Kod kreskowy Typ dokumentu
      Dostępny Biblioteka Politechniki Koszalińskiej Biblioteka Politechniki Koszalińskiej Wypożyczalnia BG 80083 02339078 Książka
© 2023 Biblioteka Politechniki Koszalińskiej :: KOHA